000 00693nam a22001937a 4500
005 20140711102320.0
008 130730b2011 ck ||||| |||| 00| 0 spa d
041 _aspa
044 _ack
082 0 4 _a551.6
_bC74
111 2 _aI Congreso Nacional del Clima
_d2010 : (
_cBogotá, Colombia)
_nI
_924855
245 1 0 _aMemorias :
_bI Congreso Nacional del Clima
260 _aBogotá
_bIDEAM
_cc2010
300 _a131 p.
_bil., mapas
_c21 cm. +
_eCD-Rom CID 038140
650 4 _aClimatología
_vCongresos, conferencias, etc
_924856
650 4 _aClimatología
_vCongresos, conferencias, etc
_zBogotá
_924857
650 _aCambios climáticos
_vCongresos, conferencias, etc
_924858
942 _2ddc
_cImpreso
999 _c8546
_d8546